| 000 | 00397nam a2200157Ia 4500 | ||
|---|---|---|---|
| 999 |
_c30478 _d30478 |
||
| 003 | OSt | ||
| 005 | 20250523143823.0 | ||
| 008 | 250310s9999||||xx |||||||||||||| ||und|| | ||
| 040 | _c. | ||
| 082 |
_a823.91 _bG7991 |
||
| 100 |
_95911 _aGreene, Graham |
||
| 245 | 0 |
_aThe confidential agent / _cGraham Greene |
|
| 260 |
_aLondon : _bWilliam Heinemann ltd, _c1939. |
||
| 300 | _a247 p. | ||
| 942 |
_cBK _2ddc |
||